Latin Dances - Statistics

General Stats
  • This quiz has been taken 7 times
  • The average score is 7 of 13
Answer Stats
Hint Answer % Correct
Salsa
100%
Cha-Cha-Cha
80%
Jive
80%
Merengue
80%
Paso Doble
80%
Samba
80%
Bachata
60%
Mambo
60%
Rumba
60%
Argentine Tango
20%
Cumbia
20%
Lambada
20%
Tumba
0%
No matching quizzes found
Score Distribution
Percent of People with Each Score
Percentile by Number Answered
Your Score History
You have not taken this quiz